logo

Bir Sreshtho Munshi Abdur Rouf Library
Jhenaidah Cadet College

The United States Constitution in perspective / (Record no. 9125)

MARC details
000 -LEADER
fixed length control field 00682cam a22002291a 4500
003 - CONTROL NUMBER IDENTIFIER
JCCL marc code BD-JhCC
005 - DATE AND TIME OF LATEST TRANSACTION
control field 20181204103335.0
008 - FIXED-LENGTH DATA ELEMENTS--GENERAL INFORMATION
fixed length control field 080308s1968 mauab 000 0 eng
035 ## - SYSTEM CONTROL NUMBER
system control number (BD-JhCC)
040 ## - CATALOGING SOURCE
Original cataloging agency DLC
Transcribing agency DLC
Modifying agency BD-JhCC
041 ## - LANGUAGE CODE
Language code of Book eng
050 00 - LIBRARY OF CONGRESS CALL NUMBER
Classification number KF4550.Z9
Item number H4 1968
082 ## - DEWEY DECIMAL CLASSIFICATION NUMBER
Author mark and Year HEA 1968
Classification number 342.73
100 1# - MAIN ENTRY--PERSONAL NAME
Personal name Heathcock, Claude L.
245 14 - TITLE STATEMENT
Title The United States Constitution in perspective /
Statement of responsibility, etc by Claude L. Heathcock.
260 ## - PUBLICATION, DISTRIBUTION, ETC. (IMPRINT)
Place of publication, distribution, etc Boston :
Name of publisher, distributor, etc Allyn and Bacon,
Date of publication, distribution, etc 1968.
300 ## - PHYSICAL DESCRIPTION
Pagination v, 322 p. :
Other physical details illus., maps,
Dimensions 21 cm.
650 #0 - SUBJECT ADDED ENTRY--TOPICAL TERM
Topical term or geographic name as entry element Constitutional history
Geographic subdivision United States.
650 #0 - SUBJECT ADDED ENTRY--TOPICAL TERM
Topical term or geographic name as entry element Constitutional law
Geographic subdivision United States.
942 ## - ADDED ENTRY ELEMENTS (KOHA)
Source of classification or shelving scheme Dewey Decimal Classification
Koha item type Books
Holdings
Source of classification or shelving scheme Damaged status Not for loan Home library Current library Shelving location Total Checkouts Full call number Barcode Date last seen Copy number Koha item type
Dewey Decimal Classification     JCC Rouf Library JCC Rouf Library General Stacks   342.73 HEA 1968 12029 03/08/2018 C - 1 Books

JCC Library | Contacts | JCC Home

Last Update on 23 September 2017
Copyright @ 2017-2020 JCC Rouf Library
Rouf Library, Jhenidah Cadet College (JCC), Bangladesh